| 000 | 00543nam a2200133Ia 4500 | ||
|---|---|---|---|
| 008 | 220620s9999||||xx |||||||||||||| ||und|| | ||
| 022 | _a16648714 | ||
| 100 | _aMarcia G Ory||Matthew Lee Smith | ||
| 245 | 0 | _aEvidence-Based Programming for Older Adults | |
| 546 | _aEnglish[eng] | ||
| 650 | _aevidence based programming||Fall prevention||CDSMP||older adults||chronic disease self management CDSME programs||healthy aging | ||
| 856 | _uhttp://journal.frontiersin.org/researchtopic/2551/evidence-based-programming-for-older-adults | ||
| 942 | _cEB | ||
| 999 |
_c21315 _d21315 |
||